| 000 | 00424nam a22001697a 4500 | ||
|---|---|---|---|
| 005 | 20160905113444.0 | ||
| 008 | 160905b xxu||||| |||| 00| 0 eng d | ||
| 020 | _a978-81-77-54-211-0 | ||
| 041 | _aeng | ||
| 100 |
_aBALASUBRAMANIYAN,P AND PALANIAPPAN _93487 |
||
| 245 | _aPRINCIPLES AND PRACTICES OF AGRONOMY | ||
| 250 | _a2nd | ||
| 260 |
_bAGROBIOS _c2010 |
||
| 300 | _a567 | ||
| 650 |
_aAGRICULTURE _92837 |
||
| 942 | _cBK | ||
| 999 |
_c5191 _d5189 |
||